Central Library and Information Centre
Sibsagar Girls' College, Sivasagar : Assam

NEW PATTERN MATHEMATICS FOR I.I.T. - J.E.E. (Record no. 10575)

MARC details
000 -LEADER
fixed length control field 00611cam a2200229ua 4500
008 - FIXED-LENGTH DATA ELEMENTS--GENERAL INFORMATION
fixed length control field 160307n II |||gr||||Z||||||eng
040 ## - CATALOGING SOURCE
Original cataloging agency MAIN
041 ## - LANGUAGE CODE
-- English
082 ## - DEWEY DECIMAL CLASSIFICATION NUMBER
Classification number 510 KHA
100 ## - MAIN ENTRY--PERSONAL NAME
Personal name KHANNA, M.L.
245 ## - TITLE STATEMENT
Title NEW PATTERN MATHEMATICS FOR I.I.T. - J.E.E.
250 ## - EDITION STATEMENT
Edition statement 11TH.
260 ## - PUBLICATION, DISTRIBUTION, ETC.
Place of publication, distribution, etc. [s.l]:
Name of publisher, distributor, etc. JAI PRAKASH NATH PUBLICATIONS,
Date of publication, distribution, etc. 2008.
300 ## - PHYSICAL DESCRIPTION
Extent 1324:
Dimensions 24CM.
500 ## - GENERAL NOTE
General note Transferred to Sanaskriti Junior College , SGC
700 ## - ADDED ENTRY--PERSONAL NAME
Personal name KHANNA, M.L.,
Relator term Author.
700 ## - ADDED ENTRY--PERSONAL NAME
Personal name KHANNA, ER AJAY .
700 ## - ADDED ENTRY--PERSONAL NAME
Personal name KHANNA, ER ATUL.
942 ## - ADDED ENTRY ELEMENTS (KOHA)
Koha item type Books
653 ## - INDEX TERM--UNCONTROLLED
Uncontrolled term Mathematics
Holdings
Withdrawn status Lost status Damaged status Not for loan Collection code Home library Current library Shelving location Date acquired Full call number Barcode Date last seen Copy number Price effective from Koha item type
        TBMAT Central Library and Information Centre Sibsagar Girls College Central Library and Information Centre Sibsagar Girls College Mathematics Rack 18.03.1987 510 KHA 09159 27.02.2020 1 27.02.2020 Books


Sibsagar Girl's College © 2020. All rights reserved.
Powered by Koha.
Maintained by Abhijit Borpuzari.